Welcome to CU Library Online Public Access Catalogue (OPAC)

Advanced Modern Macroeconomics/ (Record no. 184)

MARC details
000 -LEADER
fixed length control field 00502nam a22001697a 4500
005 - DATE AND TIME OF LATEST TRANSACTION
control field 20241025115323.0
008 - FIXED-LENGTH DATA ELEMENTS--GENERAL INFORMATION
fixed length control field 241025b |||||||| |||| 00| 0 eng d
020 ## - INTERNATIONAL STANDARD BOOK NUMBER
International Standard Book Number 9780273726524
050 ## - LIBRARY OF CONGRESS CALL NUMBER
Classification number HB 172.5
Item number .G55 GIL
100 ## - MAIN ENTRY--PERSONAL NAME
Personal name Gillman, Max
245 ## - TITLE STATEMENT
Title Advanced Modern Macroeconomics/
Remainder of title Analysis and Application
Statement of responsibility, etc. Max Gillman
260 ## - PUBLICATION, DISTRIBUTION, ETC.
Place of publication, distribution, etc. Harlow
Name of publisher, distributor, etc. Pearson Education Limited
Date of publication, distribution, etc. 2011
300 ## - PHYSICAL DESCRIPTION
Extent xiii. 604p.
Other physical details ill.
Dimensions 24.5cm
500 ## - GENERAL NOTE
General note includes index
650 ## - SUBJECT ADDED ENTRY--TOPICAL TERM
Source of heading or term macroeconomics/
942 ## - ADDED ENTRY ELEMENTS (KOHA)
Source of classification or shelving scheme Library of Congress Classification
Koha item type Books
Suppress in OPAC No
999 ## -
-- 184
-- 184
Holdings
Withdrawn status Lost status Source of classification or shelving scheme Damaged status Not for loan Collection Home library Current library Shelving location Date acquired Total checkouts Full call number Barcode Date last seen Copy number Price effective from Koha item type
    Library of Congress Classification     Non-fiction Business Library (Miotso) Business Library (Miotso) General stacks 10/16/2024   HB172.5 .G55 GIL bssm00000076 10/25/2024 1 10/16/2024 Books
© 2023-2024 Copyright: Central University Libraries. All Rights Reserved | Created by: Mahone Tech Office